=LDR 00000nam 2200000 4500 =001 INLIS000000000028574 =005 20130612130853 =008 ***********************************Ind** =035 ##$$0010-061300000028574 =041 ##$$a Ind =082 ##$$a 658.403 =090 ##$$a 658.403, Sab s =100 ##$$a Sabarguna, Boy S =245 ##$$a Sistem bantu keputusan untuk fasilitas rumah sakit, Boy S. Sabarguna =260 ##$$a 2007 $b Jakarta =300 ##$$a viii, 103 hlm, ilus, 22 cm =650 ##$$a Keputusan =850 ##$$a NBPNMAT